00557nam a22001577a 4500003000400000005001700004008004100021020002200062040002900084050002300113100001700136245010300153260003000256300002200286650009100308OSt20260623130332.0260623b |||||||| |||| 00| 0 eng d a978-0-325-04915-1 cChuka University Library aLB 1529b.U55 2014 aCalkins Lucy aUnits of study in opinion , information , and narrative writingbA common core workshop curriculum aNew YorkbFirsthandc2014 a84bIllustrations aEnglish language composition and exercises study and teaching (primary) United States